[Event "?"]
[Site "?"]
[Date "????.??.??"]
[Round "?"]
[White "Monedero Gonzalez, J."]
[Black "Hajenius, W."]
[Result "1/2-1/2"]
[WhiteElo "2100"]
[BlackElo "2043"]
[PlyCount "68"]
[EventDate "2010.??.??"]
[WhiteTeam "Catalonia"]
[BlackTeam "Belgien"]
[WhiteTeamCountry "CAT"]
[BlackTeamCountry "BEL"]

1. d4 f5 2. Bg5 h6 3. Bf4 Nf6 4. h3 d6 5. e3 Be6 6. Nd2 g5 7. Bh2 Bg7 8. Bc4
Qd7 9. Qe2 Bxc4 10. Qxc4 Qc6 11. Ngf3 Qxc4 12. Nxc4 Nc6 13. O-O-O Ne4 14. Rhf1
O-O-O 15. d5 Nb4 16. a3 Na6 17. Nd4 Bxd4 18. Rxd4 c5 19. Rdd1 Nc7 20. Nd2 Nf6
21. c4 b5 22. b3 Kd7 23. Kc2 Rb8 24. Rb1 Rb6 25. f4 g4 26. Bg3 Ra6 27. Ra1 gxh3
28. gxh3 Rg8 29. Bh4 bxc4 30. bxc4 Nfe8 31. Kd3 Rg2 32. Rf2 Rg6 33. Rff1 Rg2
34. Rf2 Rg6 1/2-1/2

[Event "?"]
[Site "?"]
[Date "????.??.??"]
[Round "?"]
[White "Lenk, W."]
[Black "Rosen, W."]
[Result "0-1"]
[WhiteElo "2221"]
[BlackElo "2287"]
[PlyCount "60"]
[EventDate "2010.??.??"]
[WhiteTeam "USV TU Dresden"]
[BlackTeam "Sfr. Katernberg"]

1. e4 c5 2. Nf3 Nc6 3. d4 cxd4 4. Nxd4 Qb6 5. Nb3 Nf6 6. Nc3 e6 7. a3 Qc7 8.
Bd3 a6 9. O-O d6 10. Be3 Be7 11. f4 O-O 12. Qf3 b5 13. e5 dxe5 14. fxe5 Nxe5
15. Qg3 Bd6 16. Ne4 Nxe4 17. Bxe4 Ng6 18. Qh3 Rb8 19. Rad1 f5 20. Rxd6 Qxd6 21.
Bc5 Qc7 22. Bxf8 Nxf8 23. Bd3 Bb7 24. c3 Rd8 25. Bb1 Qb6+ 26. Kh1 Qf2 27. Rg1
Qxb2 28. Nd4 Rc8 29. Nxe6 Rxc3 30. Qxf5 Qxg2+ 0-1

[Event "?"]
[Site "?"]
[Date "????.??.??"]
[Round "?"]
[White "Krueger, E."]
[Black "Petzold, H."]
[Result "1-0"]
[WhiteElo "2248"]
[BlackElo "2152"]
[PlyCount "65"]
[EventDate "2010.??.??"]
[WhiteTeam "Sfr. Katernberg"]
[BlackTeam "USV TU Dresden"]

1. d4 e6 2. c4 Nf6 3. Nc3 Bb4 4. Qc2 Nc6 5. Nf3 d6 6. Bd2 Qe7 7. e4 Bxc3 8.
Bxc3 e5 9. d5 Nb8 10. g3 O-O 11. Bg2 Nh5 12. O-O f5 13. c5 fxe4 14. cxd6 cxd6
15. Qxe4 Nf6 16. Qh4 h6 17. Nd2 Nbd7 18. f4 exf4 19. Rae1 Qf7 20. Qxf4 b6 21.
Qxd6 Ba6 22. Re7 Qg6 23. Rxd7 Bxf1 24. Nxf1 Rae8 25. Bh3 Qg5 26. Be6+ Kh8 27.
Rxa7 Ne4 28. Qe5 Rxf1+ 29. Kxf1 Qc1+ 30. Ke2 Qc2+ 31. Ke3 Nf6 32. Qxf6 Qc1+ 33.
Bd2 1-0

[Event "?"]
[Site "?"]
[Date "????.??.??"]
[Round "?"]
[White "Van Geffen, B."]
[Black "Böhnisch, M."]
[Result "1-0"]
[WhiteElo "2174"]
[BlackElo "2337"]
[PlyCount "95"]
[EventDate "2010.??.??"]
[WhiteTeam "Oranjeteam 1"]
[BlackTeam "Leipzig"]

1. e4 c6 2. d4 d5 3. Nd2 dxe4 4. Nxe4 Bf5 5. Ng3 Bg6 6. h4 h6 7. Nf3 Nd7 8. h5
Bh7 9. Bd3 Bxd3 10. Qxd3 e6 11. Bd2 Qc7 12. O-O-O Ngf6 13. Ne4 O-O-O 14. g3 Nc5
15. Nxc5 Bxc5 16. c4 a6 17. Bc3 Bb6 18. Qc2 Ba5 19. b4 Bb6 20. Ne5 Qe7 21. f4
Bc7 22. Kb1 Kb8 23. a4 Rhe8 24. Ka2 Nd7 25. Nxd7+ Rxd7 26. Qe4 Red8 27. Rd3 Rd6
28. Rhd1 Qd7 29. Kb3 b5 30. c5 bxa4+ 31. Kxa4 Rd5 32. Qf3 Rf5 33. Qg4 f6 34.
Ka3 Qf7 35. Re3 Qxh5 36. Qxh5 Rxh5 37. Rxe6 Rh3 38. Rxc6 Rxg3 39. Kb2 Kb7 40.
Re6 Rd5 41. Ra1 Rh5 42. Rexa6 Rh2+ 43. Kb3 Rhh3 44. c6+ Kc8 45. Ra8+ Bb8 46.
Rc1 g5 47. b5 Kc7 48. Kc4 1-0

[Event "?"]
[Site "?"]
[Date "????.??.??"]
[Round "?"]
[White "Weber, B."]
[Black "Holscher, P."]
[Result "1/2-1/2"]
[WhiteElo "2139"]
[BlackElo "2043"]
[PlyCount "149"]
[EventDate "2010.??.??"]
[WhiteTeam "Leipzig"]
[BlackTeam "Oranjeteam 1"]

1. d4 Nf6 2. Nf3 e6 3. c4 b6 4. g3 Ba6 5. b3 Bb4+ 6. Bd2 Be7 7. Bg2 O-O 8. O-O
c6 9. Bf4 d5 10. Nbd2 Nbd7 11. Ne5 Rc8 12. e4 Nxe5 13. Bxe5 Nd7 14. Bf4 Bf6 15.
e5 Bg5 16. Bxg5 Qxg5 17. Re1 Rfd8 18. Rc1 Bb7 19. cxd5 cxd5 20. Nf3 Qe7 21. Qe2
Qa3 22. Red1 Nb8 23. Rb1 Rd7 24. Qb2 Qxb2 25. Rxb2 Rdc7 26. Kf1 Rc2 27. Rxc2
Rxc2 28. Rd2 Rc1+ 29. Ke2 Ba6+ 30. Ke3 h6 31. Rb2 g5 32. Kd2 Rc8 33. Rc2 Rxc2+
34. Kxc2 Nc6 35. Kc3 Kg7 36. Ne1 Kg6 37. Nc2 Be2 38. Kd2 Ba6 39. Bf3 h5 40. Kc3
g4 41. Bd1 Kg5 42. Ne3 f6 43. exf6 Kxf6 44. f4 gxf3 45. Bxf3 Kg5 46. h4+ Kh6
47. Ng2 e5 48. Bxd5 Nxd4 49. Kd2 Nf5 50. g4 hxg4 51. Be6 Kg6 52. Bxf5+ Kxf5 53.
Ne3+ Kf4 54. h5 Bb7 55. h6 Be4 56. Nc4 g3 57. Ke2 Bg6 58. Ne3 e4 59. Ng2+ Kg5
60. Ke3 Kxh6 61. Kf4 Kh5 62. Kxg3 Kg5 63. Kf2 Kf6 64. Ke3 Ke5 65. Nf4 Bf5 66.
Ne2 Bd7 67. Nc3 Bc6 68. Ne2 a5 69. a3 Bb5 70. Nc3 Bd3 71. Na4 Bc2 72. Nxb6 Bxb3
73. Nd7+ Kf5 74. Nc5 Bd5 75. Nxe4 1/2-1/2

[Event "?"]
[Site "?"]
[Date "????.??.??"]
[Round "?"]
[White "Braun, G."]
[Black "Rost van Tonningen, O."]
[Result "1-0"]
[WhiteElo "2215"]
[BlackElo "2058"]
[PlyCount "23"]
[EventDate "2010.??.??"]
[WhiteTeam "Leipzig"]
[BlackTeam "Oranjeteam 1"]

1. e4 g6 2. d4 Bg7 3. Nf3 c6 4. Bd3 d5 5. Nbd2 Nh6 6. c3 O-O 7. O-O f6 8. Re1
Bg4 9. h3 Bxf3 10. Nxf3 Nf7 11. Qb3 e6 12. Qxb7 1-0

[Event "?"]
[Site "?"]
[Date "????.??.??"]
[Round "?"]
[White "Ulrichsen, F."]
[Black "Weidlich, G."]
[Result "1/2-1/2"]
[WhiteElo "2259"]
[BlackElo "2198"]
[PlyCount "64"]
[EventDate "2010.??.??"]
[WhiteTeam "Norwegen 1"]
[BlackTeam "SV Dresden-Leuben"]

1. d4 Nf6 2. Nf3 d6 3. c4 Nbd7 4. Nc3 e5 5. e3 Be7 6. Be2 O-O 7. O-O c6 8. b3
Qc7 9. Bb2 Re8 10. Qc2 a6 11. Rac1 b6 12. Rfd1 Bb7 13. Na4 exd4 14. Nxd4 Bf8
15. Nf5 Ne5 16. f4 Ned7 17. Qd3 Re6 18. Bf3 Rae8 19. Re1 Ne4 20. Bxe4 Rxe4 21.
Rcd1 R4e6 22. Ba3 c5 23. Nc3 Nf6 24. Ng3 Ne4 25. Ncxe4 Bxe4 26. Nxe4 Rxe4 27.
Re2 Qe7 28. Rde1 Qe6 29. Bb2 Rd8 30. Rd1 Re8 31. Rde1 Rd8 32. Rd1 Re8 1/2-1/2

[Event "?"]
[Site "?"]
[Date "????.??.??"]
[Round "?"]
[White "Bodach, H."]
[Black "Ulrichsen, J."]
[Result "1-0"]
[WhiteElo "2103"]
[BlackElo "2221"]
[PlyCount "87"]
[EventDate "2010.??.??"]
[WhiteTeam "SV Dresden-Leuben"]
[BlackTeam "Norwegen 1"]

1. e4 e6 2. d4 d5 3. Nd2 Nc6 4. c3 e5 5. exd5 Qxd5 6. dxe5 Nxe5 7. Qe2 Qe6 8.
Ngf3 Nd3+ 9. Kd1 Qxe2+ 10. Kxe2 Bf5 11. Nh4 Nxc1+ 12. Rxc1 Be6 13. g3 O-O-O 14.
Bg2 Bc5 15. Rhd1 Nf6 16. Kf1 Bxa2 17. b3 Rhe8 18. Ra1 Rxd2 19. Rxd2 Bxb3 20.
Bxb7+ Kxb7 21. Rb1 Bb6 22. Rxb3 g6 23. c4 Re5 24. Rb5 Ng4 25. h3 Rxb5 26. cxb5
Nxf2 27. Rd7 Nxh3 28. Nf3 Nf2 29. Nd2 a6 30. bxa6+ Kxa6 31. Rxf7 Ng4 32. Rxh7
Kb5 33. Rg7 Ne5 34. Ke2 c6 35. Nf3 Nxf3 36. Kxf3 c5 37. Rxg6 c4 38. Ke4 Bc5 39.
g4 Kb4 40. Rc6 Bf8 41. g5 Kb3 42. g6 Bh6 43. Rc7 c3 44. Kd3 1-0

[Event "?"]
[Site "?"]
[Date "????.??.??"]
[Round "?"]
[White "Harestad, T."]
[Black "Böhm, E."]
[Result "1/2-1/2"]
[WhiteElo "2215"]
[BlackElo "2228"]
[PlyCount "147"]
[EventDate "2010.??.??"]
[WhiteTeam "Norwegen 1"]
[BlackTeam "SV Dresden-Leuben"]

1. b3 g6 2. Bb2 Nf6 3. g3 Bg7 4. Bg2 d6 5. d4 O-O 6. Nf3 Nbd7 7. O-O e5 8. c4
Re8 9. Nc3 c6 10. e4 Qc7 11. Qd2 Nf8 12. d5 c5 13. Ne1 Nh5 14. Qe2 Bd7 15. Nd3
f5 16. exf5 Bxf5 17. Ne4 Qd7 18. Bc1 Nf6 19. f3 Nxe4 20. fxe4 Bg4 21. Qe1 Qe7
22. h3 Bd7 23. Be3 h5 24. b4 b6 25. bxc5 bxc5 26. Rb1 Reb8 27. Qa5 Be8 28. h4
Rb7 29. Bg5 Qc7 30. Qxc7 Rxc7 31. Bh3 Bd7 32. Bxd7 Rxd7 33. Rb2 Nh7 34. Rfb1
Nxg5 35. hxg5 Bf8 36. Ne1 Be7 37. Nf3 Rf8 38. Kg2 Bd8 39. Rb7 Rff7 40. Rxd7
Rxd7 41. Rb8 Kf7 42. Kh3 Bb6 43. g4 hxg4+ 44. Kxg4 Kg7 45. Nh4 Bd8 46. a4 Ba5
47. Re8 Rf7 48. Re6 Rf4+ 49. Kh3 Be1 50. Re7+ Kg8 51. Nxg6 Rxe4 52. Rxa7 Rxc4
53. a5 Ra4 54. a6 c4 55. Kg4 Bf2 56. Rc7 Rxa6 57. Kf5 Ra7 58. Rxc4 Kg7 59. Nh4
Re7 60. Ng6 Bc5 61. Re4 Re8 62. Re2 Rf8+ 63. Kg4 Rf2 64. Rxf2 Bxf2 65. Kf5 Bc5
66. Nh4 Bf2 67. Nf3 Be3 68. g6 Bc1 69. Nh4 Bd2 70. Nf3 Bc1 71. Ne1 e4 72. Nc2
e3 73. Nd4 Bb2 74. Ne2 1/2-1/2

[Event "?"]
[Site "?"]
[Date "????.??.??"]
[Round "?"]
[White "Rozov, B."]
[Black "Hjertenes, O."]
[Result "0-1"]
[WhiteElo "2174"]
[BlackElo "2201"]
[PlyCount "98"]
[EventDate "2010.??.??"]
[WhiteTeam "SV Dresden-Leuben"]
[BlackTeam "Norwegen 1"]

1. d4 g6 2. e4 Bg7 3. Nc3 d6 4. Bf4 c6 5. Nf3 Nf6 6. Qd2 O-O 7. Bh6 Qc7 8. Bxg7
Kxg7 9. O-O-O e5 10. Nh4 h6 11. f4 exf4 12. Qxf4 Qe7 13. Bd3 Ng4 14. Qg3 Qg5+
15. Rd2 Nf6 16. Qe1 Qa5 17. Qg3 Qg5 18. Qf2 Be6 19. Re1 Nbd7 20. d5 cxd5 21.
exd5 Bxd5 22. Bb5 Nb6 23. Nf3 Bxf3 24. Qxf3 a6 25. Bd3 d5 26. Red1 Rfe8 27. Kb1
Re3 28. h4 Qe5 29. Qf1 Re8 30. Be2 Ne4 31. Nxe4 Rxe4 32. Bd3 Nc4 33. Bxc4 dxc4
34. c3 Re1 35. Qxc4 Rxd1+ 36. Rxd1 Qe4+ 37. Qxe4 Rxe4 38. g3 Re3 39. Rd7 Rxg3
40. Rxb7 Rg4 41. Ra7 Rxh4 42. Rxa6 f5 43. Rd6 f4 44. b4 f3 45. Rd1 Rf4 46. b5
g5 47. Kc2 g4 48. b6 f2 49. b7 Rf8 0-1

[Event "?"]
[Site "?"]
[Date "????.??.??"]
[Round "?"]
[White "Finnlaugsson, G."]
[Black "Watzka, H."]
[Result "1/2-1/2"]
[WhiteElo "2121"]
[BlackElo "2296"]
[PlyCount "27"]
[EventDate "2010.??.??"]
[WhiteTeam "KR Reykjavik"]
[BlackTeam "Steiermark"]

1. e4 e5 2. Nf3 Nc6 3. Bb5 a6 4. Ba4 Nf6 5. O-O Be7 6. Re1 b5 7. Bb3 O-O 8. d4
d6 9. c3 Bg4 10. Be3 Qc8 11. Nbd2 Bh5 12. h3 Re8 13. a4 Bf8 14. d5 1/2-1/2

[Event "?"]
[Site "?"]
[Date "????.??.??"]
[Round "?"]
[White "Nickl, K."]
[Black "Gunnarsson, M."]
[Result "1/2-1/2"]
[WhiteElo "2183"]
[BlackElo "2107"]
[PlyCount "48"]
[EventDate "2010.??.??"]
[WhiteTeam "Steiermark"]
[BlackTeam "KR Reykjavik"]

1. d4 g6 2. Nf3 d6 3. c4 Bg7 4. Nc3 Nf6 5. e4 Bg4 6. Be2 Nfd7 7. Ng1 Bxe2 8.
Ngxe2 c5 9. Be3 O-O 10. O-O cxd4 11. Nxd4 Nc6 12. Qd2 Nde5 13. b3 Ng4 14. Nxc6
bxc6 15. Bg5 Qa5 16. Rac1 Qe5 17. Bf4 Bh6 18. Bxe5 Bxd2 19. Rc2 Ne3 20. Rxd2
Nxf1 21. Kxf1 dxe5 22. Rd7 e6 23. Ke2 Rfd8 24. Rc7 Rdc8 1/2-1/2

[Event "?"]
[Site "?"]
[Date "????.??.??"]
[Round "?"]
[White "Jonsson, I."]
[Black "Kratschmer, H."]
[Result "0-1"]
[WhiteElo "1915"]
[BlackElo "2160"]
[PlyCount "100"]
[EventDate "2010.??.??"]
[WhiteTeam "KR Reykjavik"]
[BlackTeam "Steiermark"]

1. Nf3 g6 2. d4 Nf6 3. c4 Bg7 4. Nc3 d5 5. e3 O-O 6. b4 a5 7. b5 c6 8. bxc6
Nxc6 9. Ba3 Bf5 10. Qb3 dxc4 11. Bxc4 a4 12. Qb2 Qa5 13. O-O Ne4 14. Nd5 Rfe8
15. Qxb7 Rac8 16. Rac1 e6 17. Nb6 Rb8 18. Qxc6 Qxb6 19. Qxa4 Ra8 20. Qb4 Qa7
21. Bb2 Reb8 22. Bb5 Qxa2 23. Ra1 Qd5 24. Rxa8 Qxa8 25. Rc1 Qb7 26. Ne5 Bf8 27.
Qb3 Nd6 28. Ba3 Qxb5 29. Qxb5 Rxb5 30. Nd7 Be7 31. e4 Rb7 32. exf5 Rxd7 33.
fxe6 fxe6 34. f3 Kf7 35. Kf2 Nf5 36. Bb2 Nxd4 37. Rc4 Nf5 38. Ke2 Ra7 39. Bc3
Ra2+ 40. Bd2 e5 41. Kd3 Ke6 42. f4 Ra3+ 43. Kc2 Kd5 44. Rc7 exf4 45. Kb2 Ra4
46. Kb3 Re4 47. Kc2 g5 48. Rd7+ Ke6 49. Rb7 Re2 50. h4 Nxh4 0-1

[Event "?"]
[Site "?"]
[Date "????.??.??"]
[Round "?"]
[White "Krebs, D."]
[Black "Winiwarter, F."]
[Result "0-1"]
[WhiteElo "2123"]
[BlackElo "2195"]
[PlyCount "38"]
[EventDate "2010.??.??"]
[WhiteTeam "Mattadore Rheinld"]
[BlackTeam "Salzburg"]

1. e4 c5 2. d3 Nc6 3. Nf3 g6 4. g3 Bg7 5. Bg2 d6 6. O-O e6 7. Nbd2 Nge7 8. Re1
O-O 9. c3 Rb8 10. a4 b6 11. Nf1 h6 12. d4 Kh7 13. d5 Na5 14. Ne3 exd5 15. Nxd5
Nxd5 16. exd5 Qf6 17. Nd2 Qd8 18. Ne4 Be5 19. Nxc5 bxc5 0-1

[Event "?"]
[Site "?"]
[Date "????.??.??"]
[Round "?"]
[White "Woeber, F."]
[Black "Neumann, H."]
[Result "1/2-1/2"]
[WhiteElo "2185"]
[BlackElo "1982"]
[PlyCount "30"]
[EventDate "2010.??.??"]
[WhiteTeam "Salzburg"]
[BlackTeam "Mattadore Rheinld"]

1. e4 c6 2. d4 d5 3. Nd2 dxe4 4. Nxe4 Nd7 5. Bc4 e6 6. Qe2 Nb6 7. Bb3 Nf6 8.
Nf3 Nxe4 9. Qxe4 Be7 10. Bd2 Nd5 11. c4 Nf6 12. Qh4 b6 13. O-O-O b5 14. cxb5
cxb5 15. Rhe1 Bb7 1/2-1/2

[Event "?"]
[Site "?"]
[Date "????.??.??"]
[Round "?"]
[White "Kugelmann, W."]
[Black "Böttcher, U."]
[Result "1-0"]
[WhiteElo "2210"]
[BlackElo "2063"]
[PlyCount "80"]
[EventDate "2010.??.??"]
[WhiteTeam "Stiftg BSW/DBAG 1"]
[BlackTeam "Schleswig-Holstein"]

1. e4 e6 2. d4 d5 3. Nd2 Nf6 4. e5 Nfd7 5. Bd3 c5 6. c3 Nc6 7. Ngf3 Qb6 8. O-O
f6 9. exf6 Nxf6 10. Re1 Bd6 11. dxc5 Bxc5 12. Qe2 O-O 13. Nb3 Bd6 14. Be3 Qc7
15. Bd4 Bd7 16. h3 Rae8 17. Ne5 Nxe5 18. Bxe5 g6 19. Nd4 Nh5 20. g3 Bxe5 21.
Qxe5 Qb6 22. Re2 Rf7 23. Kg2 Rf6 24. Rf1 Ref8 25. f4 a6 26. Rfe1 Ng7 27. Rf2
Nf5 28. Bxf5 gxf5 29. Re3 Rg6 30. Kh2 Rc8 31. Rg2 Re8 32. g4 fxg4 33. Reg3 Kf7
34. hxg4 Rh6+ 35. Rh3 Rxh3+ 36. Kxh3 Bb5 37. Rf2 Kg8 38. Qg5+ Kh8 39. Qf6+ Kg8
40. Nf5 exf5 1-0

[Event "?"]
[Site "?"]
[Date "????.??.??"]
[Round "?"]
[White "Felser, F."]
[Black "Fleuch, H."]
[Result "1/2-1/2"]
[WhiteElo "2072"]
[BlackElo "2121"]
[PlyCount "45"]
[EventDate "2010.??.??"]
[WhiteTeam "Schleswig-Holstein"]
[BlackTeam "Stiftg BSW/DBAG 1"]

1. e4 Nc6 2. d4 d5 3. e5 Bf5 4. f4 e6 5. Nf3 Nge7 6. Be3 Nc8 7. c3 Nb6 8. b3
Be7 9. Bb5 Nd7 10. O-O O-O 11. Bd3 g6 12. Ne1 Na5 13. g4 Bxd3 14. Qxd3 f5 15.
h3 c5 16. Nd2 Nc6 17. Nc2 Qb6 18. Kg2 Rac8 19. dxc5 Nxc5 20. Qe2 Qd8 21. Rad1
Qa5 22. Bxc5 Qxc5 23. Qe3 1/2-1/2

[Event "?"]
[Site "?"]
[Date "????.??.??"]
[Round "?"]
[White "Just, J."]
[Black "Meiwald, G."]
[Result "1/2-1/2"]
[WhiteElo "2029"]
[BlackElo "2055"]
[PlyCount "35"]
[EventDate "2010.??.??"]
[WhiteTeam "Stiftg BSW/DBAG 1"]
[BlackTeam "Schleswig-Holstein"]

1. c4 c5 2. g3 Nc6 3. Bg2 g6 4. Nc3 Bg7 5. d3 Nf6 6. e3 O-O 7. Nge2 d6 8. O-O
e6 9. Rb1 Rb8 10. a3 Ne7 11. b4 b6 12. Qc2 Bb7 13. Ne4 Nxe4 14. dxe4 cxb4 15.
axb4 Qc7 16. Ba3 Rfc8 17. Rfc1 d5 18. c5 1/2-1/2

[Event "?"]
[Site "?"]
[Date "????.??.??"]
[Round "?"]
[White "Nagorni, W."]
[Black "Deppe, C."]
[Result "1/2-1/2"]
[WhiteElo "2093"]
[BlackElo "1931"]
[PlyCount "98"]
[EventDate "2010.??.??"]
[WhiteTeam "Widukind 1"]
[BlackTeam "Dresden-Striesen"]

1. Nf3 f5 2. g3 Nf6 3. Bg2 e6 4. c4 Be7 5. Nc3 O-O 6. O-O c6 7. d4 d5 8. Rb1 a5
9. a3 Ne4 10. Qc2 Na6 11. Rd1 Qe8 12. Ne5 Nb8 13. b4 axb4 14. axb4 Nd7 15. Nxd7
Bxd7 16. f3 Nf6 17. Bf4 Qh5 18. Na4 Ra6 19. Nc5 Ra7 20. Ra1 Rfa8 21. Rxa7 Rxa7
22. Bb8 Ra8 23. Bc7 Bc8 24. b5 Ne8 25. Be5 Nd6 26. Bxd6 Bxd6 27. Nd3 Qe8 28. c5
Be7 29. b6 Bf6 30. Ne5 Bxe5 31. dxe5 Bd7 32. e4 Ra5 33. exd5 cxd5 34. f4 Ba4
35. Qc3 Bxd1 36. Qxa5 Ba4 37. Kf2 Bc6 38. Bf3 Qd8 39. Be2 Qd7 40. Qa8+ Qe8 41.
Qxe8+ Bxe8 42. Ke3 Kf8 43. Kd4 Bc6 44. h3 Ke7 45. g4 g6 46. g5 Kd8 47. h4 Kc8
48. h5 Kd8 49. h6 Kc8 1/2-1/2

[Event "?"]
[Site "?"]
[Date "????.??.??"]
[Round "?"]
[White "Groschup, G."]
[Black "Rychlik, K."]
[Result "0-1"]
[WhiteElo "1992"]
[BlackElo "2075"]
[PlyCount "29"]
[EventDate "2010.??.??"]
[WhiteTeam "Dresden-Striesen"]
[BlackTeam "Widukind 1"]

1. d4 Nf6 2. c4 e6 3. Nf3 c5 4. d5 d6 5. Nc3 e5 6. e4 Be7 7. Be2 O-O 8. O-O Na6
9. h3 Nc7 10. Be3 Rb8 11. Qd3 Bd7 12. Nxe5 dxe5 13. d6 Ne6 14. dxe7 Qxe7 15.
Bg5 0-1

[Event "?"]
[Site "?"]
[Date "????.??.??"]
[Round "?"]
[White "Völpel, G."]
[Black "Günther, E."]
[Result "1-0"]
[WhiteElo "2102"]
[BlackElo "2039"]
[PlyCount "75"]
[EventDate "2010.??.??"]
[WhiteTeam "Widukind 1"]
[BlackTeam "Dresden-Striesen"]

1. e4 c5 2. Nf3 Nf6 3. Nc3 d5 4. exd5 Nxd5 5. Nxd5 Qxd5 6. d3 g6 7. Be2 Bg7 8.
O-O O-O 9. c3 Nc6 10. Be3 Bf5 11. Qa4 a6 12. Nh4 b5 13. Qb3 Qe5 14. Nxf5 Qxf5
15. Bf3 Rac8 16. Be4 Qh5 17. a4 c4 18. dxc4 Na5 19. Qb4 Rxc4 20. Qxa5 Rxe4 21.
Qxa6 Be5 22. g3 Qf3 23. Rfe1 bxa4 24. Rxa4 Rxa4 25. Qxa4 Ra8 26. Qd1 Qf5 27.
Bd4 Rd8 28. Qd2 Bxd4 29. cxd4 e5 30. d5 e4 31. d6 h5 32. h4 Qf6 33. Rd1 e3 34.
fxe3 Qf3 35. Kh2 g5 36. hxg5 h4 37. gxh4 Qe4 38. Qe1 1-0

[Event "?"]
[Site "?"]
[Date "????.??.??"]
[Round "?"]
[White "Limberg, S."]
[Black "Thornton, J."]
[Result "1-0"]
[WhiteElo "2152"]
[BlackElo "2097"]
[PlyCount "53"]
[EventDate "2010.??.??"]
[WhiteTeam "Hessen 2"]
[BlackTeam "Wales"]
[BlackTeamCountry "WLS"]

1. d4 f5 2. Nf3 e6 3. c4 c6 4. Nc3 d5 5. e3 Nf6 6. Be2 Bd6 7. Qc2 Ne4 8. a3 Nd7
9. c5 Bc7 10. b4 O-O 11. Bb2 Ndf6 12. h3 Nxc3 13. Bxc3 Ne4 14. O-O g5 15. Nd2
g4 16. Nxe4 dxe4 17. g3 gxh3 18. Kh2 Qg5 19. Kxh3 Rf6 20. Rh1 e5 21. Kg2 f4 22.
Bc4+ Kh8 23. dxe5 Rg6 24. Qxe4 f3+ 25. Kg1 Kg7 26. e6+ Kf8 27. Qxf3+ 1-0

[Event "?"]
[Site "?"]
[Date "????.??.??"]
[Round "?"]
[White "Meier, W."]
[Black "Carlsten, P."]
[Result "0-1"]
[WhiteElo "2199"]
[BlackElo "2133"]
[PlyCount "94"]
[EventDate "2010.??.??"]
[WhiteTeam "BSW Lok Dresden"]
[BlackTeam "Schweden 2"]

1. c4 f5 2. d4 e6 3. g3 Nf6 4. Bg2 c6 5. Nf3 d5 6. O-O Bd6 7. Qb3 O-O 8. Bf4
Bxf4 9. gxf4 Kh8 10. Ne5 Nbd7 11. Nxd7 Nxd7 12. Nd2 g5 13. fxg5 Qxg5 14. f4 Qg7
15. Nf3 Rg8 16. Rf2 Nf6 17. Ne5 Ne4 18. Qh3 Nxf2 19. Kxf2 dxc4 20. Rc1 b5 21.
Rc3 Bb7 22. Rg3 Qf6 23. Bf3 Rxg3 24. hxg3 Rg8 25. e3 Rg7 26. Qh5 Re7 27. g4
fxg4 28. Be4 Kg8 29. Nxg4 Qg7 30. Bxh7+ Kf8 31. Be4 c5 32. Bxb7 Rxb7 33. Ne5
cxd4 34. exd4 Qh7 35. Qg5 Qf5 36. Qxf5+ exf5 37. d5 Ke7 38. Ke3 Kd6 39. Kd4 Rh7
40. a4 a6 41. axb5 axb5 42. Nf3 Rh3 43. Ne5 Rb3 44. Nf7+ Ke7 45. Nd6 Rxb2 46.
Nxf5+ Kf6 47. Ne3 Rd2+ 0-1

[Event "?"]
[Site "?"]
[Date "????.??.??"]
[Round "?"]
[White "Wahlund, B."]
[Black "Goldberg, V."]
[Result "0-1"]
[WhiteElo "2095"]
[BlackElo "2141"]
[PlyCount "116"]
[EventDate "2010.??.??"]
[WhiteTeam "Schweden 2"]
[BlackTeam "BSW Lok Dresden"]

1. e4 e5 2. Nf3 Nc6 3. Bb5 a6 4. Ba4 Nf6 5. O-O Be7 6. Re1 b5 7. Bb3 d6 8. c3
Bg4 9. d3 O-O 10. h3 Bh5 11. Nbd2 Na5 12. Bc2 c5 13. Nf1 Nc6 14. Ng3 Bg6 15. d4
exd4 16. cxd4 Re8 17. b3 Nd7 18. e5 Bxc2 19. Qxc2 Nxd4 20. Nxd4 cxd4 21. exd6
Bxd6 22. Bb2 Qb6 23. Qd3 Be5 24. Rad1 Nc5 25. Qf3 Bxg3 26. Qxg3 Ne6 27. Qg4
Red8 28. f4 d3+ 29. Kh1 Qf2 30. Bf6 Rd7 31. f5 Qf4 32. fxe6 Qxg4 33. hxg4 fxe6
34. Bh4 Kf7 35. Re3 Rd4 36. Rdxd3 Rxg4 37. Bg3 Ra7 38. Rd6 a5 39. Bf2 Rf4 40.
Re2 Rc7 41. Rdxe6 Rxf2 42. R6e5 Rxe2 43. Rxe2 Rc5 44. Kh2 h5 45. Kg3 g5 46. Kf3
Kf6 47. g3 Rf5+ 48. Kg2 Re5 49. Rd2 Ke6 50. Kf3 Rd5 51. Re2+ Kd6 52. Rc2 Rd3+
53. Kf2 Kd5 54. Kg2 Ke4 55. Rc5 Rd5 56. Rc3 Rd2+ 57. Kh3 Kd4 58. Rc8 Rxa2 0-1

[Event "?"]
[Site "?"]
[Date "????.??.??"]
[Round "?"]
[White "Eskandary, J."]
[Black "Wademark, H."]
[Result "1/2-1/2"]
[WhiteElo "2139"]
[BlackElo "2083"]
[PlyCount "82"]
[EventDate "2010.??.??"]
[WhiteTeam "BSW Lok Dresden"]
[BlackTeam "Schweden 2"]

1. e4 e6 2. d4 d5 3. Nc3 Nf6 4. Bg5 Bb4 5. e5 h6 6. Bd2 Bxc3 7. Bxc3 Ne4 8. Bb4
Bd7 9. Qg4 Qg5 10. Qxg5 hxg5 11. Ne2 c5 12. Ba3 g4 13. dxc5 Nc6 14. f3 gxf3 15.
gxf3 Ng5 16. Bg2 Nh3 17. f4 O-O-O 18. Rd1 g5 19. fxg5 Nxe5 20. b3 Nxg5 21. Bb2
f6 22. h4 Ngf3+ 23. Bxf3 Nxf3+ 24. Kf2 Nxh4 25. Rd3 Nf5 26. Rxh8 Rxh8 27. Bxf6
Rf8 28. Be5 Nd4+ 29. Nf4 Nxc2 30. Rg3 Nb4 31. Bd6 Re8 32. a3 Nc6 33. b4 b5 34.
Rg5 Nd4 35. Be5 Nf5 36. Ke2 Ne7 37. Nd3 Rg8 38. Rxg8+ Nxg8 39. Ke3 Ne7 40. Bf6
Nf5+ 41. Kf4 Kc7 1/2-1/2

[Event "?"]
[Site "?"]
[Date "????.??.??"]
[Round "?"]
[White "Andersson, S."]
[Black "Schwier, M."]
[Result "1/2-1/2"]
[WhiteElo "2068"]
[BlackElo "2165"]
[PlyCount "45"]
[EventDate "2010.??.??"]
[WhiteTeam "Schweden 2"]
[BlackTeam "BSW Lok Dresden"]

1. d4 d5 2. Nf3 e6 3. g3 f5 4. Bg2 Nf6 5. O-O Be7 6. b3 O-O 7. Nbd2 Bd7 8. Ne5
Be8 9. Bb2 Nbd7 10. c4 c6 11. Qc2 Nxe5 12. dxe5 Nd7 13. Rac1 Bh5 14. e3 Qb8 15.
f4 a5 16. Bf3 Bf7 17. cxd5 cxd5 18. Be2 Nc5 19. Nf3 b6 20. Nd4 Qb7 21. Bb5 Rac8
22. Qe2 Rc7 23. a3 1/2-1/2

[Event "?"]
[Site "?"]
[Date "????.??.??"]
[Round "?"]
[White "Ozbilen, H."]
[Black "Eichner, C."]
[Result "1/2-1/2"]
[WhiteElo "2109"]
[BlackElo "2145"]
[PlyCount "89"]
[EventDate "2010.??.??"]
[WhiteTeam "Türkei"]
[BlackTeam "SV TuR Dresden"]
[WhiteTeamCountry "TUR"]

1. e4 e5 2. Nf3 Nc6 3. Bb5 a6 4. Bxc6 dxc6 5. d4 exd4 6. Qxd4 Bg4 7. Qe3 Nf6 8.
O-O Bb4 9. a3 Be7 10. c4 O-O 11. Nc3 Bxf3 12. gxf3 Qd7 13. Kh1 Qe6 14. b3 Rad8
15. Rg1 Qe5 16. Bb2 Bc5 17. Qh6 Ne8 18. Rg5 Bd4 19. Qh4 Qf6 20. Qg4 Bxc3 21. e5
Qe6 22. Bxc3 Qxg4 23. Rxg4 b6 24. Rd4 Rxd4 25. Bxd4 g6 26. a4 c5 27. Be3 Ng7
28. Rd1 Ne6 29. f4 Rd8 30. Rd5 Kf8 31. Kg2 Ke7 32. Kf3 c6 33. Rxd8 Kxd8 34. Ke4
a5 35. f5 Ng7 36. Bg5+ Kd7 37. e6+ fxe6 38. f6 Ne8 39. Ke5 Nd6 40. Bf4 Nf7+ 41.
Ke4 Nd8 42. Bb8 Nf7 43. Bf4 Nd8 44. Kf3 Nf7 45. Ke4 1/2-1/2

[Event "?"]
[Site "?"]
[Date "????.??.??"]
[Round "?"]
[White "Winter, K."]
[Black "Muratoglu, S."]
[Result "0-1"]
[WhiteElo "2077"]
[BlackElo "2083"]
[PlyCount "86"]
[EventDate "2010.??.??"]
[WhiteTeam "SV TuR Dresden"]
[BlackTeam "Türkei"]
[BlackTeamCountry "TUR"]

1. c4 Nf6 2. Nc3 g6 3. Nf3 Bg7 4. g3 b6 5. Bg2 Bb7 6. O-O O-O 7. d3 d6 8. Bd2
Nbd7 9. Qc1 Re8 10. Bg5 Rb8 11. Qd2 Nc5 12. Rac1 a5 13. h3 Qd7 14. Kh2 e5 15.
e4 Ne6 16. Be3 Nh5 17. Ne2 f5 18. exf5 gxf5 19. Bh6 f4 20. Bxg7 Qxg7 21. Rg1
Kh8 22. Bh1 Qh6 23. g4 Bxf3 24. Bxf3 Ng5 25. Bg2 Ng3 26. f3 Re6 27. Qe1 Nxe2
28. Qxe2 Qg7 29. Rh1 Rh6 30. Qf2 c5 31. Kg1 b5 32. h4 Ne6 33. b3 Nd4 34. cxb5
Rxb5 35. Rc4 Re6 36. h5 h6 37. Qh4 Re8 38. Kf2 d5 39. Rcc1 a4 40. Rhf1 axb3 41.
axb3 Nxb3 42. Rcd1 c4 43. dxc4 Qa7+ 0-1

[Event "?"]
[Site "?"]
[Date "????.??.??"]
[Round "?"]
[White "Krieger, H."]
[Black "Bondick, K."]
[Result "1/2-1/2"]
[WhiteElo "2257"]
[BlackElo "2167"]
[PlyCount "20"]
[EventDate "2010.??.??"]
[WhiteTeam "Pfalz"]
[BlackTeam "Ottonen Magdeburg"]

1. e4 e5 2. Nf3 Qe7 3. Nc3 c6 4. d3 Nf6 5. Bg5 d6 6. h3 Nbd7 7. Qd2 h6 8. Bh4
g5 9. Bg3 Bg7 10. O-O-O Nc5 1/2-1/2